Who's who: participants, ladies, authors. (Record no. 86731)

MARC details
000 -LEADER
fixed length control field 00575nam a2200193 4500
001 - CONTROL NUMBER
control field sa 68015854
003 - CONTROL NUMBER IDENTIFIER
control field DLC
005 - DATE AND TIME OF LATEST TRANSACTION
control field 20260227112648.0
008 - FIXED-LENGTH DATA ELEMENTS--GENERAL INFORMATION
fixed length control field 700706s1966 ii c 100 0 eng
010 ## - LIBRARY OF CONGRESS CONTROL NUMBER
LC control number sa 68015854
025 ## - OVERSEAS ACQUISITION NUMBER
Overseas acquisition number PL480:I-E-10538
040 ## - CATALOGING SOURCE
Original cataloging agency DLC
Transcribing agency DLC
Modifying agency DLC
050 00 - LIBRARY OF CONGRESS CALL NUMBER
Classification number TS200
Item number .I66 1966l
082 00 - DEWEY DECIMAL CLASSIFICATION NUMBER
Classification number 671.2/062/1
111 2# - MAIN ENTRY--MEETING NAME
Meeting name or jurisdiction name as entry element International Foundry Congress,
Number [OBSOLETE] 33d,
Location of meeting Delhi,
Date of meeting or treaty signing 1966.
245 00 - TITLE STATEMENT
Title Who's who: participants, ladies, authors.
260 ## - PUBLICATION, DISTRIBUTION, ETC.
Place of publication, distribution, etc. New Delhi,
Name of publisher, distributor, etc. International Foundry Congress Secretariat
Date of publication, distribution, etc. [1966]
300 ## - PHYSICAL DESCRIPTION
Extent 51 p.
Other physical details ports.
Dimensions 24 cm.

No items available.

Powered by Koha